书目信息 |
| 题名: |
步入社会应该知道的生活智慧
|
|
| 作者: | 邹德华 著 | |
| 分册: | ||
| 出版信息: | 北京 中国长安出版社 2008.02 |
|
| 页数: | 275页 | |
| 开本: | 20cm | |
| 丛书名: | ||
| 单 册: | ||
| 中图分类: | D432.63 | |
| 科图分类: | ||
| 主题词: | 青年运动 , 青年组织 , 学生运动 , 学生组织 | |
| 电子资源: | ||
| ISBN: | 978-7-80175-773-9 | |
| 000 | 00640nam0 2200241 45 | |
| 001 | 0957912077 | |
| 005 | 20091018160711.93 | |
| 010 | @a978-7-80175-773-9@dCNY32.00 | |
| 100 | @a20090515d2008 ekmy0 y0120 ea | |
| 102 | @aCN@b130000 | |
| 105 | @ay z 000yy | |
| 200 | 1 | @a步入社会应该知道的生活智慧@f邹德华等著@Fzou de hua deng zhu |
| 210 | @a北京@c中国长安出版社@d2008.02 | |
| 215 | @a275页@d20cm | |
| 606 | 0 | @a青年运动 |
| 606 | 0 | @a青年组织 |
| 606 | 0 | @a学生运动 |
| 606 | 0 | @a学生组织 |
| 690 | @aD432.63@v4 | |
| 701 | 0 | @a邹德华@Azou de hua@4著 |
| 801 | 0 | @aCN@c20091018 |
| 905 | @a10447@dD432.63@eZ965 | |
| 906 | @d32@n3@r1 | |
| 步入社会应该知道的生活智慧/邹德华等著.-北京:中国长安出版社,2008.02 |
| 275页;20cm |
| ISBN 978-7-80175-773-9:CNY32.00 |
| ● |
| 相关链接 |
|
|
|
正题名:步入社会应该知道的生活智慧
索取号:D432.63/Z965
 
预约/预借
| 序号 | 登录号 | 条形码 | 馆藏地/架位号 | 状态 | 备注 |
| 1 | 659306 | 206593060 | 社科库509/509社科库 70排6列2层/ [索取号:D432.63/Z965] | 在馆 | |
| 2 | 659307 | 206593079 | 社科库509/509社科库 70排6列2层/ [索取号:D432.63/Z965] | 在馆 | |
| 3 | 659308 | 206593088 | 社科库509/509社科库 70排6列2层/ [索取号:D432.63/Z965] | 在馆 |